| 000 | 00695nam a2200229 a 4500 | ||
|---|---|---|---|
| 001 | 18291 | ||
| 003 | CO-ViMGA | ||
| 008 | 141112s2004 ck r 000 u spa d | ||
| 020 | _a848019314X | ||
| 040 |
_aCO-ViMGA _bspa _cCO-ViMGA |
||
| 082 | 0 | 4 | _a615.532 M123 |
| 100 | 1 |
_aMacEoin, Beth _926064 |
|
| 245 | 1 | 0 |
_aHomeopatia para bebes y niños : _buna guia para los padres |
| 260 |
_aBarcelona, _cPaidotribo, _c1997 |
||
| 300 | _a194 p. | ||
| 490 | _aColeccion Homeopatia | ||
| 590 | _aForma de adquisición : Mincultura prenio | ||
| 650 | 1 | 4 |
_aENFERMEDADES EN NIÑOS - TRATAMIENTOS _926065 |
| 650 | 1 | 4 |
_aHOMEOPATIA PEDIATRICA _926066 |
| 650 | 1 | 4 |
_aMEDICINA ALTERNATIVA _99066 |
| 942 |
_2ddc _cBK |
||
| 999 |
_c27635 _d27635 |
||